000 00496cam a22002171 4500
001 sa 68001572
003 DLC
005 20260227112434.0
008 890530s1967 ii 000 0 hino
010 _asa 68001572
035 _a(OCoLC)19784391
040 _aDLC
_cWaU
_dDLC
042 _apremarc
050 0 0 _aPK2098.S53696
_bA8
100 1 _aSingh, C. P.,
_d1910-
245 1 0 _aAparājitā.
260 _c[1967]
300 _a116 p.
_c23 cm.
500 _aIn Hindi.
500 _aPoems.
999 _c78053
_d78053